000 00558nam a2200169 a 4500
001 000032958
005 20260305073958.0
008 110804s1991 dr 000 0 spa d
040 _aDO-SdBNP
_bspa
_cBNPHU
082 _axxx
_bG377h
100 1 _aGerón, Candido,
_d1948-
_93577
245 1 4 _aLos horizontes del deseo /
_cCándido Gerón.
260 _aSanto Domingo :
_bAlfa & Omega,
_c1991.
300 _a156 p. ;
_c22 cm.
586 _aPremio Nacional de Poesía (1989-1990)
590 _aPerteneció a la biblioteca personal de Juan Isidro Jimenes Grullón.
999 _c32449
_d32449